000 00419nam a2200181Ia 4500
001 8800
005 20260306160636.0
008 260306t2004||||xx |||||||||||||| ||spa||
041 _aESP
082 _a371.337
_bD69
100 _aDíaz Bolio, Nayeli
_eAUT
245 0 _aFantasía en movimiento
260 _c2004
300 _a122 páginas :
_c25 cm.
650 _aGEN
654 _aCED
942 _cLIB
_dJUS
_fJUS
_2ddc
_n
999 _c8800
_d8800